| 000 | 00655nam a2200205Ii 4500 | ||
|---|---|---|---|
| 003 | JO-AjNU | ||
| 008 | 230605s9999||||xx |||||||||||||| ||und|| | ||
| 040 |
_aJO-AjNU _bara _erda _cJO-AjNU |
||
| 041 | _aara | ||
| 050 | 1 | 4 | _aBF51 .B35 |
| 100 | 3 |
_aبرت، سرل؛ ترجمة عبده، سمير, _eauthor _938535 |
|
| 245 | 0 | 0 | _aعلم النفس الديني |
| 264 | 3 | 1 | _aد.م:دار دمشق للطباعة والنشر ،د.ت |
| 300 | _a125ص | ||
| 336 |
_atext _btxt _2rdacontent |
||
| 337 |
_aunmediated _bn _2rdamedia |
||
| 338 |
_avolume _bnc _2rdacarrier |
||
| 490 | 0 | _aسلسلة الافكار | |
| 650 | 4 |
_aعلم نفس ديني _938536 |
|
| 999 |
_aA16198 _c19766 _d19766 |
||